[Event "DEM U16 2025"]
[Site "Willingen GER"]
[Date "2025.06.11"]
[Round "5"]
[White "Mester, Philipp"]
[Black "Sauer, Tim"]
[Result "1/2-1/2"]
[Termination "normal"]
[Board "4"]
[WhiteElo "2162"]
[BlackElo "2181"]
[WhiteClock "00:33:58"]
[BlackClock "00:00:39"]
[PlyCount "73"]
[WhiteFideId "34624902"]
[BlackFideId "16265726"]
[EventCountry "GER"]
[EventRounds "9"]
[EventType "swiss"]
[EventDate "2025.06.07"]

1. d4 {[%clk 01:30:38]} {[%emt 00:00:21]} Nf6 {[%clk 01:30:42]} {[%emt
00:00:18]} 2. c4 {[%clk 01:30:40]} {[%emt 00:00:29]} e6 {[%clk 01:31:05]}
{[%emt 00:00:07]} 3. Nc3 {[%clk 01:30:55]} {[%emt 00:00:16]} Bb4 {[%clk
01:31:20]} {[%emt 00:00:16]} 4. Bd2 {[%clk 01:30:29]} {[%emt 00:00:56]} O-O
{[%clk 01:27:34]} {[%emt 00:04:21]} 5. Nf3 {[%clk 01:30:18]} {[%emt 00:00:40]}
c5 {[%clk 01:27:29]} {[%emt 00:00:35]} 6. a3 {[%clk 01:29:42]} {[%emt
00:01:07]} Bxc3 {[%clk 01:26:50]} {[%emt 00:01:10]} 7. Bxc3 {[%clk 01:30:06]}
{[%emt 00:00:07]} Ne4 {[%clk 01:23:40]} {[%emt 00:03:45]} 8. Rc1 {[%clk
01:27:24]} {[%emt 00:03:17]} d6 {[%clk 01:18:32]} {[%emt 00:05:45]} 9. g3
{[%clk 01:18:23]} {[%emt 00:09:49]} b6 {[%clk 01:03:12]} {[%emt 00:16:12]} 10.
Bg2 {[%clk 01:18:09]} {[%emt 00:00:45]} Bb7 {[%clk 01:03:05]} {[%emt 00:00:38]}
11. O-O {[%clk 01:16:32]} {[%emt 00:02:10]} Nd7 {[%clk 00:50:51]} {[%emt
00:13:05]} 12. Be1 {[%clk 01:07:49]} {[%emt 00:09:27]} Qe7 {[%clk 00:39:23]}
{[%emt 00:12:21]} 13. Nd2 {[%clk 00:57:37]} {[%emt 00:11:07]} Nxd2 {[%clk
00:29:41]} {[%emt 00:10:32]} 14. Qxd2 {[%clk 00:57:52]} {[%emt 00:00:17]} Bxg2
{[%clk 00:29:55]} {[%emt 00:00:17]} 15. Kxg2 {[%clk 00:58:17]} {[%emt
00:00:06]} a6 {[%clk 00:16:41]} {[%emt 00:14:24]} 16. f3 {[%clk 00:54:30]}
{[%emt 00:04:33]} Rac8 {[%clk 00:08:05]} {[%emt 00:09:32]} 17. e4 {[%clk
00:53:16]} {[%emt 00:01:50]} e5 {[%clk 00:07:10]} {[%emt 00:01:29]} 18. dxc5
{[%clk 00:45:20]} {[%emt 00:08:40]} dxc5 {[%clk 00:07:27]} {[%emt 00:00:13]}
19. Rd1 {[%clk 00:45:40]} {[%emt 00:00:09]} Rfd8 {[%clk 00:02:59]} {[%emt
00:05:13]} 20. Qd6 {[%clk 00:45:38]} {[%emt 00:00:35]} Kf8 {[%clk 00:00:56]}
{[%emt 00:02:38]} 21. Bc3 {[%clk 00:45:49]} {[%emt 00:00:20]} f6 {[%clk
00:00:36]} {[%emt 00:00:53]} 22. f4 {[%clk 00:45:42]} {[%emt 00:00:38]} exf4
{[%clk 00:00:32]} {[%emt 00:00:36]} 23. gxf4 {[%clk 00:45:37]} {[%emt
00:00:36]} Qxd6 {[%clk 00:00:34]} {[%emt 00:00:30]} 24. Rxd6 {[%clk 00:45:24]}
{[%emt 00:00:45]} Ke7 {[%clk 00:01:00]} {[%emt 00:00:03]} 25. e5 {[%clk
00:44:47]} {[%emt 00:01:08]} Rb8 {[%clk 00:00:35]} {[%emt 00:00:58]} 26. Rc6
{[%clk 00:41:28]} {[%emt 00:03:59]} Rdc8 {[%clk 00:00:33]} {[%emt 00:00:34]}
27. exf6+ {[%clk 00:40:52]} {[%emt 00:01:09]} Nxf6 {[%clk 00:00:45]} {[%emt
00:00:18]} 28. Bxf6+ {[%clk 00:40:01]} {[%emt 00:01:26]} gxf6 {[%clk 00:01:09]}
{[%emt 00:00:06]} 29. Re1+ {[%clk 00:40:10]} {[%emt 00:00:21]} Kf7 {[%clk
00:01:33]} {[%emt 00:00:06]} 30. Ree6 {[%clk 00:38:15]} {[%emt 00:02:28]} Rxc6
{[%clk 00:01:57]} {[%emt 00:00:07]} 31. Rxc6 {[%clk 00:38:42]} {[%emt
00:00:03]} b5 {[%clk 00:00:44]} {[%emt 00:01:44]} 32. b3 {[%clk 00:35:18]}
{[%emt 00:03:59]} bxc4 {[%clk 00:01:11]} {[%emt 00:00:04]} 33. bxc4 {[%clk
00:35:43]} {[%emt 00:00:04]} Rb3 {[%clk 00:00:40]} {[%emt 00:01:02]} 34. Rxc5
{[%clk 00:35:01]} {[%emt 00:01:15]} Rxa3 {[%clk 00:00:57]} {[%emt 00:00:14]}
35. f5 {[%clk 00:33:45]} {[%emt 00:01:49]} Kg7 {[%clk 00:00:36]} {[%emt
00:00:52]} 36. Rc6 {[%clk 00:34:06]} {[%emt 00:00:09]} Rc3 {[%clk 00:00:39]}
{[%emt 00:00:28]} 37. Rxa6 {[%clk 00:33:58]} {[%emt 00:00:39]} 1/2-1/2

[Event "DEM U16 2025"]
[Site "Willingen GER"]
[Date "2025.06.11"]
[Round "5"]
[White "Nönnig, Jakob"]
[Black "Zobel, Christian"]
[Result "1/2-1/2"]
[Termination "normal"]
[Board "5"]
[BlackTitle "CM"]
[WhiteElo "2096"]
[BlackElo "2158"]
[WhiteClock "00:02:17"]
[BlackClock "00:24:19"]
[PlyCount "131"]
[WhiteFideId "16289447"]
[BlackFideId "16259068"]
[EventCountry "GER"]
[EventRounds "9"]
[EventType "swiss"]
[EventDate "2025.06.07"]

1. e4 {[%clk 01:30:58]} {[%emt 00:00:01]} c6 {[%clk 01:30:35]} {[%emt
00:00:25]} 2. d4 {[%clk 01:31:15]} {[%emt 00:00:13]} d5 {[%clk 01:31:00]}
{[%emt 00:00:05]} 3. Nd2 {[%clk 01:31:37]} {[%emt 00:00:08]} dxe4 {[%clk
01:31:25]} {[%emt 00:00:05]} 4. Nxe4 {[%clk 01:32:01]} {[%emt 00:00:06]} Nf6
{[%clk 01:31:48]} {[%emt 00:00:06]} 5. Nxf6+ {[%clk 01:32:24]} {[%emt
00:00:08]} exf6 {[%clk 01:32:15]} {[%emt 00:00:03]} 6. c3 {[%clk 01:32:40]}
{[%emt 00:00:14]} Bd6 {[%clk 01:32:39]} {[%emt 00:00:05]} 7. Bd3 {[%clk
01:33:02]} {[%emt 00:00:08]} O-O {[%clk 01:33:02]} {[%emt 00:00:08]} 8. Qc2
{[%clk 01:33:27]} {[%emt 00:00:05]} h6 {[%clk 01:33:01]} {[%emt 00:00:30]} 9.
Ne2 {[%clk 01:33:33]} {[%emt 00:00:24]} c5 {[%clk 01:32:18]} {[%emt 00:01:13]}
10. O-O {[%clk 01:25:35]} {[%emt 00:08:29]} Nc6 {[%clk 01:24:45]} {[%emt
00:08:03]} 11. dxc5 {[%clk 01:13:36]} {[%emt 00:12:29]} Bxc5 {[%clk 01:25:05]}
{[%emt 00:00:10]} 12. Bf4 {[%clk 01:12:44]} {[%emt 00:01:21]} a5 {[%clk
01:13:51]} {[%emt 00:11:44]} 13. Rad1 {[%clk 01:08:10]} {[%emt 00:05:04]} Qb6
{[%clk 01:13:31]} {[%emt 00:00:50]} 14. b3 {[%clk 00:57:36]} {[%emt 00:11:05]}
Be6 {[%clk 01:09:36]} {[%emt 00:04:25]} 15. Ng3 {[%clk 00:49:02]} {[%emt
00:09:03]} Ne5 {[%clk 01:03:08]} {[%emt 00:06:58]} 16. Bh7+ {[%clk 00:42:19]}
{[%emt 00:07:14]} Kh8 {[%clk 01:03:36]} {[%emt 00:00:02]} 17. Bf5 {[%clk
00:41:50]} {[%emt 00:00:59]} Bxf5 {[%clk 00:56:26]} {[%emt 00:07:39]} 18. Nxf5
{[%clk 00:40:42]} {[%emt 00:01:38]} Rad8 {[%clk 00:50:53]} {[%emt 00:06:04]}
19. Be3 {[%clk 00:38:31]} {[%emt 00:02:41]} Ng4 {[%clk 00:44:11]} {[%emt
00:07:12]} 20. Bd4 {[%clk 00:35:01]} {[%emt 00:04:00]} Qc7 {[%clk 00:41:29]}
{[%emt 00:03:12]} 21. g3 {[%clk 00:31:35]} {[%emt 00:03:56]} Ne5 {[%clk
00:37:10]} {[%emt 00:04:48]} 22. Kg2 {[%clk 00:26:46]} {[%emt 00:05:18]} Qc6+
{[%clk 00:30:44]} {[%emt 00:06:58]} 23. f3 {[%clk 00:26:09]} {[%emt 00:01:07]}
Rc8 {[%clk 00:23:57]} {[%emt 00:07:16]} 24. c4 {[%clk 00:22:25]} {[%emt
00:04:15]} b5 {[%clk 00:17:30]} {[%emt 00:06:57]} 25. cxb5 {[%clk 00:20:18]}
{[%emt 00:02:37]} Qxb5 {[%clk 00:17:47]} {[%emt 00:00:13]} 26. Qe4 {[%clk
00:19:52]} {[%emt 00:00:56]} Qb4 {[%clk 00:09:30]} {[%emt 00:08:47]} 27. Rfe1
{[%clk 00:11:34]} {[%emt 00:08:47]} Bxd4 {[%clk 00:07:59]} {[%emt 00:02:01]}
28. Rxd4 {[%clk 00:11:53]} {[%emt 00:00:11]} Qc3 {[%clk 00:06:49]} {[%emt
00:01:40]} 29. Re2 {[%clk 00:10:42]} {[%emt 00:01:40]} Rfd8 {[%clk 00:04:25]}
{[%emt 00:02:54]} 30. Nd6 {[%clk 00:09:34]} {[%emt 00:01:39]} Rc6 {[%clk
00:01:42]} {[%emt 00:03:14]} 31. Nxf7+ {[%clk 00:03:56]} {[%emt 00:06:07]} Nxf7
{[%clk 00:02:07]} {[%emt 00:00:04]} 32. Rxd8+ Nxd8 {[%clk 00:02:36]} 33. Qe8+
{[%clk 00:04:26]} {[%emt 00:00:21]} Kh7 {[%clk 00:03:06]} {[%emt 00:00:02]} 34.
Qxd8 {[%clk 00:04:53]} {[%emt 00:00:02]} Rc5 {[%clk 00:03:25]} {[%emt
00:00:11]} 35. f4 {[%clk 00:04:42]} {[%emt 00:00:40]} a4 {[%clk 00:01:33]}
{[%emt 00:02:23]} 36. bxa4 {[%clk 00:03:58]} {[%emt 00:01:13]} Qc4 {[%clk
00:02:02]} 37. Qe8 {[%clk 00:04:12]} {[%emt 00:00:15]} f5 {[%clk 00:02:16]}
{[%emt 00:00:18]} 38. Rb2 {[%clk 00:01:19]} {[%emt 00:03:22]} Qd5+ {[%clk
00:02:04]} {[%emt 00:00:43]} 39. Kh3 {[%clk 00:01:31]} {[%emt 00:00:17]} Qf3
{[%clk 00:02:13]} {[%emt 00:00:22]} 40. Qf7 {[%clk 00:00:35]} {[%emt 00:01:23]}
Rd5 {[%clk 00:01:32]} {[%emt 00:01:13]} 41. Rf2 {[%clk 00:16:19]} {[%emt
00:14:46]} Qe4 {[%clk 00:27:37]} {[%emt 00:04:25]} 42. Rb2 {[%clk 00:13:34]}
{[%emt 00:03:14]} Qf3 {[%clk 00:27:26]} {[%emt 00:00:42]} 43. Rf2 {[%clk
00:13:58]} {[%emt 00:00:06]} Qe4 {[%clk 00:27:53]} {[%emt 00:00:04]} 44. Qa7
{[%clk 00:12:39]} {[%emt 00:01:49]} Qd4 {[%clk 00:26:28]} {[%emt 00:01:55]} 45.
Qxd4 {[%clk 00:03:17]} {[%emt 00:09:52]} Rxd4 {[%clk 00:26:56]} {[%emt
00:00:02]} 46. a3 {[%clk 00:02:33]} {[%emt 00:01:13]} Rxa4 {[%clk 00:27:21]}
{[%emt 00:00:06]} 47. Ra2 {[%clk 00:02:56]} {[%emt 00:00:07]} g5 {[%clk
00:24:41]} {[%emt 00:03:10]} 48. fxg5 {[%clk 00:02:04]} {[%emt 00:01:22]} hxg5
{[%clk 00:25:10]} {[%emt 00:00:01]} 49. Kg2 {[%clk 00:01:41]} {[%emt 00:00:53]}
Kg6 {[%clk 00:25:26]} {[%emt 00:00:14]} 50. Kf3 {[%clk 00:01:53]} {[%emt
00:00:18]} Kf6 {[%clk 00:23:13]} {[%emt 00:02:42]} 51. Ke3 {[%clk 00:02:16]}
{[%emt 00:00:07]} f4+ {[%clk 00:20:53]} {[%emt 00:02:51]} 52. gxf4 {[%clk
00:00:55]} {[%emt 00:01:51]} gxf4+ {[%clk 00:21:22]} {[%emt 00:00:02]} 53. Kd3
{[%clk 00:01:17]} {[%emt 00:00:07]} Kf5 {[%clk 00:21:00]} {[%emt 00:00:52]} 54.
Kc3 {[%clk 00:01:14]} {[%emt 00:00:33]} Ke4 {[%clk 00:21:01]} {[%emt 00:00:29]}
55. h4 {[%clk 00:00:45]} {[%emt 00:00:59]} Ke3 {[%clk 00:21:09]} {[%emt
00:00:22]} 56. Kb3 {[%clk 00:00:59]} {[%emt 00:00:15]} Ra8 {[%clk 00:21:17]}
{[%emt 00:00:22]} 57. a4 {[%clk 00:00:42]} {[%emt 00:00:47]} f3 {[%clk
00:21:41]} {[%emt 00:00:06]} 58. Kb4 {[%clk 00:00:47]} {[%emt 00:00:25]} f2
{[%clk 00:22:02]} {[%emt 00:00:10]} 59. Ra1 {[%clk 00:01:09]} {[%emt 00:00:07]}
Ke2 {[%clk 00:22:10]} {[%emt 00:00:23]} 60. Ra2+ {[%clk 00:00:49]} {[%emt
00:00:50]} Ke1 {[%clk 00:22:27]} {[%emt 00:00:13]} 61. a5 {[%clk 00:00:34]}
{[%emt 00:00:45]} f1=Q {[%clk 00:22:44]} {[%emt 00:00:12]} 62. Ra1+ {[%clk
00:01:02]} {[%emt 00:00:03]} Ke2 {[%clk 00:23:09]} {[%emt 00:00:06]} 63. Rxf1
{[%clk 00:01:28]} {[%emt 00:00:03]} Kxf1 {[%clk 00:23:37]} {[%emt 00:00:01]}
64. Kb5 {[%clk 00:01:38]} {[%emt 00:00:20]} Rh8 {[%clk 00:23:52]} {[%emt
00:00:15]} 65. a6 {[%clk 00:01:53]} {[%emt 00:00:15]} Rxh4 {[%clk 00:24:19]}
{[%emt 00:00:04]} 66. a7 {[%clk 00:02:17]} {[%emt 00:00:06]} 1/2-1/2

[Event "DEM U16 2025"]
[Site "Willingen GER"]
[Date "2025.06.11"]
[Round "5"]
[White "Herrmann, Jakob"]
[Black "Steger, Lukas Daniel"]
[Result "1-0"]
[Termination "normal"]
[Board "6"]
[WhiteTitle "FM"]
[WhiteElo "2296"]
[BlackElo "2135"]
[WhiteClock "00:04:23"]
[BlackClock "00:00:55"]
[PlyCount "133"]
[WhiteFideId "16287169"]
[BlackFideId "3335151"]
[EventCountry "GER"]
[EventRounds "9"]
[EventType "swiss"]
[EventDate "2025.06.07"]

1. Nf3 {[%clk 01:30:54]} {[%emt 00:00:03]} Nf6 {[%clk 01:30:55]} {[%emt
00:00:07]} 2. g3 {[%clk 01:31:10]} {[%emt 00:00:15]} g6 {[%clk 01:31:02]}
{[%emt 00:00:21]} 3. Bg2 {[%clk 01:31:35]} {[%emt 00:00:05]} Bg7 {[%clk
01:31:13]} {[%emt 00:00:19]} 4. O-O {[%clk 01:31:59]} {[%emt 00:00:07]} c5
{[%clk 01:31:33]} {[%emt 00:00:09]} 5. c3 {[%clk 01:32:03]} {[%emt 00:00:27]}
O-O {[%clk 01:28:47]} {[%emt 00:03:16]} 6. d4 {[%clk 01:32:29]} {[%emt
00:00:04]} Na6 {[%clk 01:27:19]} {[%emt 00:01:58]} 7. Re1 {[%clk 01:25:59]}
{[%emt 00:07:00]} d5 {[%clk 01:25:24]} {[%emt 00:02:25]} 8. Ne5 {[%clk
01:26:12]} {[%emt 00:00:17]} Bf5 {[%clk 01:20:50]} {[%emt 00:05:04]} 9. Be3
{[%clk 01:06:43]} {[%emt 00:19:59]} cxd4 {[%clk 01:04:44]} {[%emt 00:16:36]}
10. Bxd4 {[%clk 01:06:51]} {[%emt 00:00:21]} Nc7 {[%clk 00:58:40]} {[%emt
00:06:34]} 11. Qb3 {[%clk 01:02:09]} {[%emt 00:05:13]} Nd7 {[%clk 00:35:45]}
{[%emt 00:23:25]} 12. Nxd7 {[%clk 01:00:19]} {[%emt 00:02:20]} Qxd7 {[%clk
00:35:54]} {[%emt 00:00:21]} 13. Bxg7 {[%clk 01:00:24]} {[%emt 00:00:25]} Kxg7
{[%clk 00:36:18]} {[%emt 00:00:06]} 14. Nd2 {[%clk 00:59:29]} {[%emt 00:01:25]}
Rfd8 {[%clk 00:30:44]} {[%emt 00:06:04]} 15. Rad1 {[%clk 00:51:00]} {[%emt
00:08:59]} Qb5 {[%clk 00:25:18]} {[%emt 00:05:56]} 16. Qxb5 {[%clk 00:45:10]}
{[%emt 00:06:20]} Nxb5 {[%clk 00:25:42]} {[%emt 00:00:06]} 17. Nb3 {[%clk
00:45:30]} {[%emt 00:00:11]} e6 {[%clk 00:23:41]} {[%emt 00:02:30]} 18. Nd4
{[%clk 00:44:03]} {[%emt 00:01:57]} Nxd4 {[%clk 00:22:23]} {[%emt 00:01:49]}
19. Rxd4 {[%clk 00:44:28]} {[%emt 00:00:05]} g5 {[%clk 00:21:35]} {[%emt
00:01:17]} 20. Red1 {[%clk 00:41:23]} {[%emt 00:03:34]} Rdc8 {[%clk 00:20:41]}
{[%emt 00:01:25]} 21. f3 {[%clk 00:37:39]} {[%emt 00:04:15]} Rc7 {[%clk
00:15:09]} {[%emt 00:06:02]} 22. Kf2 {[%clk 00:35:11]} {[%emt 00:02:57]} Rac8
{[%clk 00:14:48]} {[%emt 00:00:52]} 23. R1d2 {[%clk 00:32:11]} {[%emt
00:03:30]} b6 {[%clk 00:12:51]} {[%emt 00:02:26]} 24. e3 {[%clk 00:26:06]}
{[%emt 00:06:36]} h6 {[%clk 00:09:05]} {[%emt 00:04:15]} 25. Bf1 {[%clk
00:24:32]} {[%emt 00:02:04]} Kf8 {[%clk 00:06:49]} {[%emt 00:02:46]} 26. Ba6
{[%clk 00:14:23]} {[%emt 00:10:40]} Re8 {[%clk 00:05:02]} {[%emt 00:02:17]} 27.
Bb5 {[%clk 00:12:33]} {[%emt 00:02:20]} Rec8 {[%clk 00:04:35]} {[%emt
00:00:57]} 28. e4 {[%clk 00:12:48]} {[%emt 00:00:16]} dxe4 {[%clk 00:03:15]}
{[%emt 00:01:50]} 29. fxe4 {[%clk 00:13:13]} {[%emt 00:00:05]} Bg4 {[%clk
00:02:22]} {[%emt 00:01:23]} 30. Ke3 {[%clk 00:11:11]} {[%emt 00:02:32]} e5
{[%clk 00:01:53]} {[%emt 00:00:59]} 31. Rd6 {[%clk 00:09:33]} {[%emt 00:02:08]}
Be6 {[%clk 00:00:40]} {[%emt 00:01:43]} 32. Bd7 {[%clk 00:09:06]} {[%emt
00:00:57]} Bxd7 {[%clk 00:01:00]} {[%emt 00:00:10]} 33. Rxd7 {[%clk 00:09:32]}
{[%emt 00:00:05]} a5 {[%clk 00:00:53]} {[%emt 00:00:37]} 34. Rxc7 {[%clk
00:09:43]} {[%emt 00:00:19]} Rxc7 {[%clk 00:01:17]} {[%emt 00:00:05]} 35. Rd6
{[%clk 00:10:08]} {[%emt 00:00:04]} a4 {[%clk 00:00:35]} {[%emt 00:01:13]} 36.
a3 {[%clk 00:10:04]} {[%emt 00:00:34]} Rb7 {[%clk 00:00:39]} {[%emt 00:00:26]}
37. Rxh6 {[%clk 00:10:24]} {[%emt 00:00:09]} Ke7 {[%clk 00:01:04]} {[%emt
00:00:05]} 38. Rh5 {[%clk 00:08:44]} {[%emt 00:02:11]} Kf6 {[%clk 00:01:09]}
{[%emt 00:00:25]} 39. Rh8 {[%clk 00:09:08]} {[%emt 00:00:06]} b5 {[%clk
00:01:10]} {[%emt 00:00:29]} 40. Rd8 {[%clk 00:07:00]} {[%emt 00:02:38]} Ke7
{[%clk 00:00:34]} {[%emt 00:01:06]} 41. Rg8 {[%clk 00:05:50]} {[%emt 00:01:39]}
Kf6 {[%clk 00:30:01]} {[%emt 00:01:04]} 42. h4 {[%clk 00:35:47]} {[%emt
00:00:33]} gxh4 {[%clk 00:30:10]} {[%emt 00:00:21]} 43. gxh4 {[%clk 00:36:12]}
{[%emt 00:00:05]} Rb6 {[%clk 00:30:08]} {[%emt 00:00:32]} 44. h5 {[%clk
00:32:12]} {[%emt 00:04:30]} Ke7 {[%clk 00:26:21]} {[%emt 00:04:17]} 45. Rg5
{[%clk 00:26:28]} {[%emt 00:06:13]} Kf6 {[%clk 00:18:49]} {[%emt 00:08:02]} 46.
Rf5+ {[%clk 00:24:48]} {[%emt 00:02:11]} Ke6 {[%clk 00:19:13]} {[%emt
00:00:05]} 47. h6 {[%clk 00:22:45]} {[%emt 00:02:33]} f6 {[%clk 00:17:54]}
{[%emt 00:01:49]} 48. Rf2 {[%clk 00:08:18]} {[%emt 00:14:57]} Rb7 {[%clk
00:16:47]} {[%emt 00:01:37]} 49. Rd2 {[%clk 00:08:16]} {[%emt 00:00:33]} Rh7
{[%clk 00:13:00]} {[%emt 00:04:16]} 50. Rd5 {[%clk 00:08:39]} {[%emt 00:00:06]}
Rxh6 {[%clk 00:12:36]} {[%emt 00:00:55]} 51. Rxb5 {[%clk 00:09:04]} {[%emt
00:00:05]} Rh3+ {[%clk 00:09:05]} {[%emt 00:04:01]} 52. Kf2 {[%clk 00:09:28]}
{[%emt 00:00:06]} Kf7 {[%clk 00:07:27]} {[%emt 00:02:08]} 53. Rb4 {[%clk
00:06:58]} {[%emt 00:03:00]} Kg6 {[%clk 00:07:17]} {[%emt 00:00:39]} 54. Kg1
{[%clk 00:06:21]} {[%emt 00:01:08]} Kg5 {[%clk 00:03:54]} {[%emt 00:03:53]} 55.
Rxa4 {[%clk 00:05:48]} {[%emt 00:01:03]} Kf4 {[%clk 00:03:45]} {[%emt
00:00:39]} 56. Rb4 {[%clk 00:03:22]} {[%emt 00:02:57]} Kf3 {[%clk 00:01:13]}
{[%emt 00:03:01]} 57. Rb6 {[%clk 00:02:07]} {[%emt 00:01:45]} Rh6 {[%clk
00:01:10]} {[%emt 00:00:33]} 58. a4 {[%clk 00:02:03]} {[%emt 00:00:34]} Kxe4
{[%clk 00:00:46]} {[%emt 00:00:53]} 59. a5 {[%clk 00:01:42]} {[%emt 00:00:51]}
Kd5 {[%clk 00:00:33]} {[%emt 00:00:43]} 60. a6 {[%clk 00:01:53]} {[%emt
00:00:19]} Rh8 {[%clk 00:00:38]} {[%emt 00:00:26]} 61. Rxf6 {[%clk 00:02:14]}
{[%emt 00:00:09]} Ra8 {[%clk 00:00:40]} {[%emt 00:00:27]} 62. b4 {[%clk
00:02:20]} {[%emt 00:00:24]} Kc4 {[%clk 00:00:56]} {[%emt 00:00:15]} 63. Rc6+
{[%clk 00:02:46]} {[%emt 00:00:04]} Kb5 {[%clk 00:01:18]} {[%emt 00:00:07]} 64.
Rc5+ {[%clk 00:03:12]} {[%emt 00:00:04]} Kb6 {[%clk 00:00:56]} {[%emt
00:00:53]} 65. Rxe5 {[%clk 00:03:38]} {[%emt 00:00:04]} Rg8+ {[%clk 00:00:42]}
{[%emt 00:00:44]} 66. Kf2 {[%clk 00:03:59]} {[%emt 00:00:08]} Kxa6 {[%clk
00:00:55]} {[%emt 00:00:18]} 67. Ke3 {[%clk 00:04:23]} {[%emt 00:00:05]} 1-0

[Event "DEM U16 2025"]
[Site "Willingen GER"]
[Date "2025.06.11"]
[Round "5"]
[White "Nuñez Grégoire, Daniel"]
[Black "Riechenberg, Sebastian"]
[Result "1-0"]
[Termination "normal"]
[Board "7"]
[WhiteElo "2167"]
[BlackElo "2101"]
[WhiteClock "00:13:42"]
[BlackClock "00:24:46"]
[PlyCount "85"]
[WhiteFideId "34627103"]
[BlackFideId "34605231"]
[EventCountry "GER"]
[EventRounds "9"]
[EventType "swiss"]
[EventDate "2025.06.07"]

1. d4 {[%clk 01:30:59]} {[%emt 00:00:01]} Nf6 {[%clk 01:30:48]} {[%emt
00:00:12]} 2. c4 {[%clk 01:31:17]} {[%emt 00:00:13]} e6 {[%clk 01:31:14]}
{[%emt 00:00:03]} 3. Nf3 {[%clk 01:31:43]} {[%emt 00:00:04]} a6 {[%clk
01:31:41]} {[%emt 00:00:03]} 4. e3 {[%clk 01:31:09]} {[%emt 00:01:04]} d5
{[%clk 01:32:02]} {[%emt 00:00:10]} 5. Nc3 {[%clk 01:30:38]} {[%emt 00:01:00]}
Nbd7 {[%clk 01:32:28]} {[%emt 00:00:04]} 6. a3 {[%clk 01:27:47]} {[%emt
00:03:21]} b6 {[%clk 01:29:40]} {[%emt 00:03:18]} 7. Bd3 {[%clk 01:25:45]}
{[%emt 00:02:32]} Bb7 {[%clk 01:29:49]} {[%emt 00:00:21]} 8. O-O {[%clk
01:25:10]} {[%emt 00:01:04]} Be7 {[%clk 01:29:52]} {[%emt 00:00:27]} 9. b3
{[%clk 01:22:51]} {[%emt 00:02:49]} O-O {[%clk 01:28:02]} {[%emt 00:02:19]} 10.
Bb2 {[%clk 01:21:05]} {[%emt 00:02:17]} c5 {[%clk 01:27:23]} {[%emt 00:01:10]}
11. cxd5 {[%clk 01:17:55]} {[%emt 00:03:38]} cxd4 {[%clk 01:26:52]} {[%emt
00:01:02]} 12. Nxd4 {[%clk 01:17:05]} {[%emt 00:01:20]} Nxd5 {[%clk 01:26:58]}
{[%emt 00:00:24]} 13. Nxd5 {[%clk 01:16:29]} {[%emt 00:01:06]} Bxd5 {[%clk
01:27:10]} {[%emt 00:00:18]} 14. Rc1 {[%clk 01:13:28]} {[%emt 00:03:31]} Nc5
{[%clk 01:23:19]} {[%emt 00:04:21]} 15. Bc2 {[%clk 01:12:07]} {[%emt 00:01:51]}
Bd6 {[%clk 01:22:03]} {[%emt 00:01:46]} 16. b4 {[%clk 01:08:20]} {[%emt
00:04:17]} Ne4 {[%clk 00:55:43]} {[%emt 00:26:50]} 17. Nf3 {[%clk 00:53:42]}
{[%emt 00:15:08]} Be7 {[%clk 00:49:59]} {[%emt 00:06:15]} 18. Bb3 {[%clk
00:49:08]} {[%emt 00:05:03]} Nf6 {[%clk 00:42:01]} {[%emt 00:08:28]} 19. Bxf6
{[%clk 00:34:50]} {[%emt 00:15:17]} Bxf6 {[%clk 00:40:40]} {[%emt 00:02:21]}
20. Bxd5 {[%clk 00:34:05]} {[%emt 00:01:15]} exd5 {[%clk 00:41:01]} {[%emt
00:00:09]} 21. Qd3 {[%clk 00:32:20]} {[%emt 00:02:15]} Qd7 {[%clk 00:40:50]}
{[%emt 00:00:42]} 22. e4 {[%clk 00:30:27]} {[%emt 00:02:22]} Qa4 {[%clk
00:39:11]} {[%emt 00:02:09]} 23. e5 {[%clk 00:24:27]} {[%emt 00:06:31]} Be7
{[%clk 00:39:14]} {[%emt 00:00:27]} 24. Nd4 {[%clk 00:24:02]} {[%emt 00:00:55]}
Rac8 {[%clk 00:38:10]} {[%emt 00:01:34]} 25. Nf5 {[%clk 00:23:30]} {[%emt
00:01:02]} Qd7 {[%clk 00:34:03]} {[%emt 00:04:37]} 26. Nxe7+ {[%clk 00:21:57]}
{[%emt 00:02:03]} Qxe7 {[%clk 00:34:21]} {[%emt 00:00:12]} 27. Qxd5 {[%clk
00:21:20]} {[%emt 00:01:07]} Rxc1 {[%clk 00:22:57]} {[%emt 00:11:55]} 28. Rxc1
{[%clk 00:21:39]} {[%emt 00:00:10]} a5 {[%clk 00:22:59]} {[%emt 00:00:28]} 29.
Qd6 {[%clk 00:20:54]} {[%emt 00:01:15]} Qxd6 {[%clk 00:22:46]} {[%emt
00:00:44]} 30. exd6 {[%clk 00:18:28]} {[%emt 00:02:56]} Rd8 {[%clk 00:23:11]}
{[%emt 00:00:05]} 31. b5 {[%clk 00:15:12]} {[%emt 00:03:45]} f6 {[%clk
00:21:34]} {[%emt 00:02:07]} 32. Rc6 {[%clk 00:15:06]} {[%emt 00:00:36]} Kf7
{[%clk 00:21:59]} {[%emt 00:00:05]} 33. Rxb6 {[%clk 00:15:05]} {[%emt
00:00:31]} Ke6 {[%clk 00:22:26]} {[%emt 00:00:03]} 34. Ra6 {[%clk 00:15:01]}
{[%emt 00:00:34]} h5 {[%clk 00:22:43]} {[%emt 00:00:13]} 35. a4 {[%clk
00:14:01]} {[%emt 00:01:31]} g5 {[%clk 00:22:59]} {[%emt 00:00:14]} 36. Rxa5
{[%clk 00:13:53]} {[%emt 00:00:37]} Kxd6 {[%clk 00:23:25]} {[%emt 00:00:05]}
37. g3 {[%clk 00:14:04]} {[%emt 00:00:18]} Ke5 {[%clk 00:23:51]} {[%emt
00:00:04]} 38. b6+ {[%clk 00:14:09]} {[%emt 00:00:25]} Ke4 {[%clk 00:24:20]}
39. b7 {[%clk 00:13:58]} {[%emt 00:00:41]} Kf3 {[%clk 00:23:35]} {[%emt
00:01:15]} 40. Rf5+ {[%clk 00:13:58]} {[%emt 00:00:29]} Kg4 {[%clk 00:24:04]}
{[%emt 00:00:02]} 41. Rd5 {[%clk 00:13:23]} {[%emt 00:01:05]} Re8 {[%clk
00:24:18]} {[%emt 00:00:17]} 42. Kg2 {[%clk 00:13:32]} {[%emt 00:00:20]} h4
{[%clk 00:24:46]} {[%emt 00:00:02]} 43. h3+ {[%clk 00:13:42]} {[%emt 00:00:20]}
1-0